LIBRARY & INFORMATION CENTRE, KCAET, TAVANUR

ONLINE PUBLIC ACCESS CATALOGUE (OPAC)

Learning about Children / (Record no. 1161)

MARC details
000 -LEADER
fixed length control field 00441cam a2200169ua 4500
041 ## - LANGUAGE CODE
Language code of text/sound track or separate title eng
082 ## - DEWEY DECIMAL CLASSIFICATION NUMBER
Classification number 649.1
Item number SHU/LE
100 ## - MAIN ENTRY--AUTHOR NAME
Personal name Shuey, Remekah.M .
245 ## - TITLE STATEMENT
Title Learning about Children /
260 ## - PUBLICATION, DISTRIBUTION, ETC. (IMPRINT)
Place of publication Chicago :
Name of publisher J B Lippincott Company ,
Year of publication 1958.
300 ## - PHYSICAL DESCRIPTION
Number of Pages 294 ; .
700 1# - ADDED ENTRY--PERSONAL NAME
Personal name Woods, Elizabeth.L .
700 1# - ADDED ENTRY--PERSONAL NAME
Personal name Young, Esther .
942 ## - ADDED ENTRY ELEMENTS (KOHA)
Koha item type Books
Holdings
Withdrawn status Lost status Damaged status Home library Current library Date acquired Full call number Accession Number Koha item type
      KAUAET KAUAET 07/04/2012 649.1 742 Books
free website counter